|
|
|
|
| LEADER |
00000cam a2200000 4500 |
| 001 |
vtls012155164 |
| 003 |
SK-MaSNL |
| 005 |
20260301024853.0 |
| 008 |
221129s2022 xo af b 000 j slo |
| 015 |
|
|
|a SNBA2023/07
|
| 020 |
|
|
|a 9788056630556
|q (viazané)
|
| 040 |
|
|
|a SNK
|b slo
|c SNK
|e rda
|
| 041 |
1 |
|
|a slo
|h cze
|
| 044 |
|
|
|a xo
|c SK
|
| 072 |
|
7 |
|a 821.162.3
|x Česká literatúra
|2 konspekt
|
| 072 |
|
7 |
|a 821-93
|x Literatúra pre deti a mládež (beletria)
|2 konspekt
|
| 080 |
|
|
|a 821.162.3-32
|2 2011
|
| 080 |
|
|
|a 82-93-053.4/.5
|2 2011
|
| 100 |
1 |
|
|a Macourek, Miloš,
|d 1926-2002
|4 aut
|9 225836
|
| 240 |
1 |
0 |
|a Mach a Šebestová na cestách
|l Slovensky
|
| 245 |
1 |
0 |
|a Mach a Šebestová na cestách
|c Miloš Macourek, Adolf Born ; z českého originálu Mach a Šebestová na cestách preložila Mária Pavligová
|
| 250 |
|
|
|a Tretie slovenské vydanie
|
| 264 |
|
1 |
|a Bratislava
|b Albatros
|c 2022
|
| 300 |
|
|
|a 108 strán
|b farebné ilustrácie, farebné ilustrované listy
|c 24 cm
|
| 336 |
|
|
|a text
|b txt
|2 rdacontent
|
| 336 |
|
|
|a statický obraz
|b sti
|2 rdacontent
|
| 337 |
|
|
|a bez média
|b n
|2 rdamedia
|
| 338 |
|
|
|a zväzok
|b nc
|2 rdacarrier
|
| 500 |
|
|
|a Vydalo vydavateľstvo Albatros v spoločnosti Albatros Media Slovakia, s.r.o.
|
| 500 |
|
|
|a Obsahuje 7 príbehov
|
| 521 |
8 |
|
|a Pre čitateľov od 6 rokov
|
| 655 |
|
7 |
|a české príbehy
|2 SNKPH
|9 70773
|
| 655 |
|
7 |
|a literatúra pre deti
|2 SNKPH
|9 87135
|
| 655 |
|
7 |
|a Czech stories
|2 SNKPHeng
|9 319629
|
| 655 |
|
7 |
|a Children's literature
|2 SNKPHeng
|9 276039
|
| 700 |
1 |
|
|a Born, Adolf,
|d 1930-2016
|4 ill
|9 55161
|
| 700 |
1 |
|
|a Pavligová, Mária,
|d 1980-
|4 trl
|9 319668
|
| 710 |
2 |
|
|a Albatros Media Slovakia.
|b Albatros
|4 pbl
|9 195117
|
| 740 |
0 |
2 |
|a Ako Mach a Šebestová zachraňovali v Paríži tetu Vilmu
|
| 740 |
0 |
2 |
|a Ako Mach a Šebestová navštívili severný pól
|
| 740 |
0 |
2 |
|a Ako sa Mach a Šebestová kúpali v Amazonke
|
| 740 |
0 |
2 |
|a Ako sa Mach a Šebestová pretekali v Afrike s domorodým čarodejníkom
|
| 740 |
0 |
2 |
|a Ako Mach a Šebestová hľadali v Austrálii Jonatána
|
| 740 |
0 |
2 |
|a Ako Mach a Šebestová navštívili s Jonatánom Hollywood
|
| 740 |
0 |
2 |
|a Ako sa Mach a Šebestová potápali pri Havajských ostrovoch
|
| 787 |
0 |
8 |
|i Zo série:
|t Mach a Šebestová
|
| 852 |
|
|
|a Slovenská národná knižnica
|
| 919 |
|
|
|a 978-80-566-3055-6
|
| 954 |
|
|
|a beletria cudzojazyčná (svetová)
|2 lita
|
| 958 |
|
|
|a LX
|
| 958 |
|
|
|a UP
|
| 958 |
|
|
|a DB
|
| 958 |
|
|
|a CZ
|
| 968 |
|
|
|b ČES
|
| 999 |
|
|
|c 572005
|d 573935
|
| 952 |
|
|
|a SNK
|b SNK
|y PREZ
|7 0
|p 17A1515962
|o snkSC 200047
|i snk2022/18163
|8 0
|0 0
|1 0
|4 0
|d 2022-12-05
|l 0
|r 2025-10-22 00:00:00
|w 2026-02-23
|
| 952 |
|
|
|a SNK
|b SNK
|y PREZ
|7 0
|p 17A1515963
|o snkSC 200047 D1
|i snk2022/18164
|8 0
|0 0
|1 0
|4 0
|d 2022-12-05
|l 0
|r 2026-02-23 14:20:14
|w 2026-02-23
|